Travels in Kashmir. (Record no. 553245)
[ view plain ]
| 000 -LEADER | |
|---|---|
| fixed length control field | 00337nam a22001337a 4500 |
| 082 ## - DEWEY DECIMAL CLASSIFICATION NUMBER | |
| Classification number | 915.4913 |
| Author Mark | VIG |
| 100 ## - MAIN ENTRY--PERSONAL NAME | |
| Personal name | G.T. VIGNE |
| 9 (RLIN) | 50509 |
| 245 ## - TITLE STATEMENT | |
| Title | Travels in Kashmir. |
| Statement of responsibility, etc. | Vigne G.T. |
| 260 ## - PUBLICATION, DISTRIBUTION, ETC. | |
| Place of publication, distribution, etc. | LONDON |
| Name of publisher, distributor, etc. | Henry Colburn, |
| Date of publication, distribution, etc. | 1842 |
| 300 ## - PHYSICAL DESCRIPTION | |
| Extent | 462P.: |
| 526 ## - STUDY PROGRAM INFORMATION NOTE | |
| Program name | 0 |
| Interest level | 0 |
| Reading level | 0 |
| Title point value | 915_491300000000000_VIG |
| 650 ## - SUBJECT ADDED ENTRY--TOPICAL TERM | |
| Topical term or geographic name entry element | MCE |
| 9 (RLIN) | 379 |
| 942 ## - ADDED ENTRY ELEMENTS (KOHA) | |
| Source of classification or shelving scheme | |
| Koha item type | Book |
| Withdrawn status | Lost status | Source of classification or shelving scheme | Damaged status | Not for loan | Permanent Location | Current Location | Shelving location | Date acquired | Total Checkouts | Full call number | Barcode | Date last seen | Price effective from | Koha item type |
|---|---|---|---|---|---|---|---|---|---|---|---|---|---|---|
| Military College of Engineering (MCE) | Military College of Engineering (MCE) | 02/03/2015 | 915.4913 VIG | MCE-ECT/31 | 02/03/2015 | 02/03/2015 | Book |
